Government by the people: national, state, and local edition

Guardat en:
Dades bibliogràfiques
Autors principals: Burns, James MacGregor (autor), Peltason, Jack Walter (Autor), Cronin, Thomas E (Autor)
Format: Llibre
Idioma:anglès
Publicat: Englewood Cliffs Prentice-Hall 1975
Edició:9a. ed
Matèries:
Etiquetes: Afegir etiqueta
Sense etiquetes, Sigues el primer a etiquetar aquest registre!

MARC

LEADER 00000nam a2200000 a 4500
001 UCQ0885
003 CL-VaPUC
008 980703e19750000us |||||||||||||||||eng|d
082 0 4 |a 320.473  |b BUR  |2 21 
100 |a Burns, James MacGregor  |e autor  |9 414266 
700 0 |a Peltason, Jack Walter  |e author  |9 414267 
700 0 |a Cronin, Thomas E  |e author  |9 414268 
245 1 0 |a Government by the people: national, state, and local edition 
250 |a 9a. ed 
300 |a 876 p 
942 |c BK 
945 |d 19980703 00:00:00  |a crobeson 
260 |a Englewood Cliffs  |b Prentice-Hall  |c 1975 
650 0 |a Democracia  |9 255256 
650 7 |a SISTEMAS POLITICOS  |2 CL-VaPUC  |9 414269 
650 7 |a CIUDADANOS  |2 CL-VaPUC  |9 414270 
650 0 |a Derechos civiles y políticos   |9 338684 
650 0 |a Poder político  |9 255509 
650 0 |a Partidos políticos  |9 254999 
650 0 |a Poder legislativo  |9 258808 
650 0 |a Poder ejecutivo  |9 255177 
650 0 |a Burocracia  |9 255511 
650 0 |a Poder judicial  |9 254871 
650 0 |a Relaciones Internacionales  |9 255740 
651 0 |a Estados Unidos  |9 255178 
999 |c 271912  |d 271910 
583 |k Rodrigo Vera 
952 |0 0  |1 0  |4 0  |6 320_473000000000000_BUR_1975  |7 0  |8 P  |9 306702  |a BIBEDU  |b BIBEDU  |c BIBEDU_PB  |d 2019-11-20  |i 1429353  |o 320.473 BUR 1975  |p 1429353  |r 2024-01-25  |w 2019-11-20  |y BK  |k LIT